Selva pluvial tropical : (Registro nro. 5526)

Detalles MARC
000 -CABECERA
Campo de control 00962nam a2200265 a 4500
005 - FECHA Y HORA DE LA ULTIMA TRANSACCION
Campo de control 20160213020002.0
008 - ELEMENTOS DE LONGITUD FIJA—INFORMACION GENERAL
Campo de control 160127s2006 ck o gr|||| 00| 0 spa d
020 ## - ISBN
ISBN 9588094990
040 ## - FUENTE DE CATALOGACIÓN
Agencia catalogadora original CO-BoIAVH
Agencia transcriptora CO-BoIAVH
041 0# - IDIOMA
Código de idioma para texto/pista de sonido o título separado Español
044 ## - PAÍS DE PUBLICACIÓN
País de publicación Colombia
082 04 - NUMERO DE CLASIFICACION DECIMAL DEWEY
Número de clasificación 577.3
Número del ítem C82s
100 1# - ASIENTO PRINCIPAL--NOMBRE PERSONAL
Nombre personal Álvarez López, Humberto
9 (RLIN) 12714
245 10 - MENCION DE TITULO
Título Selva pluvial tropical :
Parte restante del título Departamento del Valle del Cauca, Colombia /
Mención de responsabilidad Corporación Autónoma Regional del Valle del Cauca
260 ## - PUBLICACION, DISTRIBUCION, ETC. (PIE DE IMPRENTA)
Lugar de publicación, distribución, etc. Santiago de Cali :
Nombre del editor, distribuidor, etc. Corporación Autónoma Regional del Valle del Cauca,
Fecha de publicación, distribución, etc. 2006.
300 ## - DESCRIPCION FISICA
Extensión 72 páginas :
Otros detalles físicos fotografías ;
Dimensiones 16 x 16 cm.
650 #6 - ASIENTO SECUNDARIO DE MATERIA - TERMINO TEMATICO
Término temático o nombre geográfico como elemento de entrada Ecología de selva lluviosa
9 (RLIN) 55411
650 #6 - ASIENTO SECUNDARIO DE MATERIA - TERMINO TEMATICO
Término temático o nombre geográfico como elemento de entrada Flora y Fauna
9 (RLIN) 5364
662 ## - ASIENTO SECUNDARIO DE MATERIA - JERARQUIA DEL NOMBRE DE LUGAR(
País o entidad mayor Colombia
Jurisdicción política de primer orden Valle del Cauca
700 1# - ASIENTO SECUNDARIO - NOMBRE PERSONAL
Nombre personal Gómez Hoyos, Natalia
9 (RLIN) 3455
700 1# - ASIENTO SECUNDARIO - NOMBRE PERSONAL
Nombre personal Reyes Gutierrez, Milton
9 (RLIN) 20246
700 1# - ASIENTO SECUNDARIO - NOMBRE PERSONAL
Nombre personal Silverstone Sopkin, Philip A.
9 (RLIN) 55077
700 1# - ASIENTO SECUNDARIO - NOMBRE PERSONAL
Nombre personal Vanín Romero, Alfredo
9 (RLIN) 55078
942 ## - ELEMENTOS ADICIONALES (KOHA)
Tipo de ítem Libro
Sistema de clasificación Dewey Decimal Classification
Koha issues (borrowed), all copies 1
Existencias
Withdrawn status Lost status Sistema de Clasificación Damaged status No para préstamo Colección Inventariado Ubicación Permanente Ubicación actual Fecha de adquisición Fuente de Valor Valor Total Checkouts Número topográfico Inventario / Código de Barras Date last seen Date checked out Ejemplar Price effective from Forma de adquisición Tipo de material
    Dewey Decimal Classification     General Inventariado 2017 Bogotá Bogotá 17/05/2007 Instituto 39000.00 1 LB-577.3 C82s 024327 12/02/2016 12/02/2016 Ej.1 04/12/2012   Libro